Deterioro del ecosistema: irregularidades institucionales e intereses empresariales
Guardado en:
| Format: | Texto |
|---|---|
| Fag: | |
| Tags: |
Tilføj Tag
Ingen Tags, Vær først til at tagge denne postø!
|
MARC
| LEADER | 00000 a a2200000 04500 | ||
|---|---|---|---|
| 001 | 5901 | ||
| 003 | |||
| 040 | |||
| 245 | |a Deterioro del ecosistema: |b irregularidades institucionales e intereses empresariales | ||
| 650 | |a ECOSISTEMAS | ||
| 773 | |g volumen 15, número 640; páginas 11-12 | ||
| 999 | |c 34444 |d 34444 | ||
